| 000 | 00492nam a22001697a 4500 | ||
|---|---|---|---|
| 999 |
_c4264 _d4264 |
||
| 005 | 20250204111850.0 | ||
| 008 | 250204b ||||| |||| 00| 0 eng d | ||
| 020 | _a9789812331588 | ||
| 040 | _cKH8 | ||
| 082 | _a800 | ||
| 100 |
_aSTERLING,PUBLICATIONS _ePUBLISHER |
||
| 245 | _aBRUNO GETS LOST | ||
| 260 |
_aPANDAN LOOP _bSTERLING PUBLICATIONS _cJUNE 1 2002 |
||
| 300 |
_a17CM _bCOLOUR ILLUSTRATION _c 7.87 x 5.51 x 1.57 inches |
||
| 650 |
_2ADVENTURE _aJUVENILE LITERATURE |
||
| 942 |
_2ddc _cFIC |
||